Constitutional Law

Detalles Bibliográficos
Autor principal: Monahan, Patrick J.
Otros Autores: Shaw, Byron, Ryan, Padraic
Formato: eBook
Lenguaje:inglés
Publicado: Toronto: Irwin Law Inc., 2017
Edición:Quinta Edicin̤
Materias:
Acceso en línea:Acceso restringido

MARC

LEADER 00000nam a22000007a 4500
005 2021080909599.0
007 cr|||| |||
008 210809s2017 ca |||||s|||| 00||0 eng d
020 |a 9781552214411 
035 |a 34953 
040 |a vLex 
090 |c 11933  |d 11933 
100 1 |a Monahan, Patrick J. 
245 1 0 |a Constitutional Law  |h [Recurso electrn̤ico] /  |c Patrick J. Monahan, Byron Shaw, Padraic Ryan 
250 |a Quinta Edicin̤ 
256 |a Servicio en ln̕ea 
260 |a Toronto:  |b Irwin Law Inc.,  |c 2017 
300 |a 1 recurso electrn̤ico 
500 |a The fifth edition of Constitutional Law represents a significant update of the fourth edition, published in 2013. During this period, the Supreme Court of Canada has continued to develop the jurisprudence in all areas of constitutional law, including freedom of association, equality rights, Indigenous title, and inter-jurisdictional immunity. This book includes the complete text of the Canadian Constitution, including explanatory footnotes as consolidated by the federal Department of Justice. Professor Monahan authored the first three editions of this text, and invited Mr. Byron Shaw to join him as a co-author for the fourth edition. Mr. Padraic Ryan has now joined in this most recent revision. As with earlier editions, the aim of this text is to provide lawyers, academics, and law students with a general introduction to, and overview of, the basic elements of the Canadian Constitution. The authors discuss issues in sufficient detail so that the book will be of value to lawyers who encounter constitutional issues in their daily practice. Constitutional Law has been cited with approval by provincial and territorial appellate courts, as well as by the Supreme Court of Canada. 
506 1 |a Disponible solo en los productos indicados  |d vLex Global  |d vLex Global (Academic Edition, excluding Law Schools)  |d vLex Global (U.S. Academic Edition, Law Schools)  |d vLex Global (U.S. Academic Edition, excluding Law Schools)  |d vLex Global (Academic Edition, Law Schools) 
650 0 4 |a Derecho Constitucional  |z Canad̀ 
700 1 |a Shaw, Byron 
700 1 |a Ryan, Padraic 
740 0 |a vLex Libros (Servicio en ln̕ea) 
856 4 0 |u https://app.vlex.com/#/sources/34953  |z Acceso restringido 
942 |c BOOK 
999 0 |a Constitutional right